|
|
|
|
| LEADER |
01783nam a2200421 i 4500 |
| 001 |
EBC4947195 |
| 003 |
MiAaPQ |
| 005 |
20200520144314.0 |
| 006 |
m o d | |
| 007 |
cr cnu|||||||| |
| 008 |
180126t20182018enkad ob 001 0 eng d |
| 020 |
|
|
|z 9781787431164
|
| 020 |
|
|
|a 9781787431157 (e-book)
|
| 035 |
|
|
|a (MiAaPQ)EBC4947195
|
| 035 |
|
|
|a (Au-PeEL)EBL4947195
|
| 035 |
|
|
|a (CaPaEBR)ebr11486383
|
| 035 |
|
|
|a (OCoLC)1016448484
|
| 040 |
|
|
|a MiAaPQ
|b eng
|e rda
|e pn
|c MiAaPQ
|d MiAaPQ
|
| 043 |
|
|
|a a-cc---
|
| 050 |
|
4 |
|a HF5548.325.C6
|b .I584 2018
|
| 082 |
0 |
|
|a 381.1420951
|2 23
|
| 245 |
0 |
0 |
|a Internet+ and electronic business in China :
|b innovation and applications /
|c edited by Qiongwei Ye, Baojun Ma.
|
| 264 |
|
1 |
|a Bingley, England :
|b Emerald Publishing,
|c 2018.
|
| 264 |
|
4 |
|c 2018
|
| 300 |
|
|
|a 1 online resource (586 pages) :
|b illustrations, charts, tables
|
| 336 |
|
|
|a text
|2 rdacontent
|
| 337 |
|
|
|a computer
|2 rdamedia
|
| 338 |
|
|
|a online resource
|2 rdacarrier
|
| 504 |
|
|
|a Includes bibliographical references and index.
|
| 588 |
|
|
|a Description based on online resource; title from PDF title page (EBC, viewed January 26, 2018).
|
| 590 |
|
|
|a Electronic reproduction. Ann Arbor, MI : ProQuest, 2016. Available via World Wide Web. Access may be limited to ProQuest affiliated libraries.
|
| 650 |
|
0 |
|a Electronic commerce
|z China.
|
| 655 |
|
4 |
|a Electronic books.
|
| 700 |
1 |
|
|a Ma, Baojun,
|e editor.
|
| 700 |
1 |
|
|a Ye, Qiongwei,
|e editor.
|
| 776 |
0 |
8 |
|i Print version:
|t Internet+ and electronic business in China : innovation and applications.
|d Bingley, England : Emerald Publishing, c2018
|h xx, 586 pages
|z 9781787431164
|
| 797 |
2 |
|
|a ProQuest (Firm)
|
| 856 |
4 |
0 |
|u https://ebookcentral.proquest.com/lib/matrademy/detail.action?docID=4947195
|z Click to View
|